000 04135nab a2200277 i 4500
003 BR-BrBNA
005 20250218103146.0
008 250218b2014 bl.qr|pooa||| 00| 0 por |
040 _aBR-BrBNA
_bpor
072 _aF70
100 _aMonteiro, Mariana Maciel
100 _aGiaretta, Augusto
100 _aPereira, Oberdan José
100 _aMenezes, Luis Fernando Tavares de
245 _aComposição e estrutura de uma restinga arbustiva aberta no norte do Espírito Santo e relações florísticas com formações similares no Sudeste do Brasil
500 _aPublicação on-line; 45 ref.; 3 tables; 2 illus.; Summaries (En, Pt)
520 _a Resumo Foram analisadas a estrutura e a composição florística de uma formação de restinga arbustiva aberta no Parque Estadual de Itaúnas, ES, e verificada a similaridade entre a flora das formações de restinga arbustiva da Região Sudeste do Brasil. Para o levantamento, foi utilizado o método de intercepto de linha, contemplando indivíduos com altura igual ou superior a 50 cm. Os parâmetros fitossociológicos de frequência e valor de importância (VI) foram calculados. A similaridade da flora das restingas arbustivas da Região Sudeste foi verificada utilizando o índice de Sørensen. Foram encontradas 42 espécies em 28 famílias, sendo Fabaceae e Bromeliaceae as mais ricas (quatro espécies cada). As 10 espécies mais importantes representaram 65,6% do VI total, evidenciando forte estrutura oligárquica, principalmente no estrato herbáceo. Assim, puderam ser apontadas espécies que caracterizam esta formação, a qual é associada com fatores ambientais que condicionam a composição e abundância florística. A análise de similaridade evidenciou que as restingas do sudeste formam dois blocos florísticos distintos, um ao norte (litoral do Espírito Santo) e outro mais ao sul (litoral do Rio de Janeiro). Foram comuns a todas as restingas analisadas Manilkara subsericea, Pilosocereus arrabidae e Byrsonima sericea, podendo ser consideradas de ampla distribuição na costa sudeste. Palavras-chave: restinga aberta de moitas, fitossociologia, intercepto de linha, planície arenosa, Pleistoceno. Abstract This study analyzed the structure and floristic composition of an open scrub restinga at Parque Estadual de Itaúnas, Espírito Santo and verified the similarity between floras of the restinga formations in southeastern Brazil. The line intercept method was applied to sample individuals equal or greater than 50 cm tall. The frequency and an importance value were estimated. The similarity of the flora of the restinga formations in southeastern Brazil was performed using the Sørensen index. We surveyed 42 species in 28 families, being Fabaceae and Bromeliaceae the richest families (four species each). The 10 most important species represented 65.6% of the total importance value, showing a strong oligarchic structure, especially in the herbaceous layer. Thus, we identified some species that characterize this formation, which is associated with environmental factors that constrain floristic composition and abundance. The similarity analysis evidenced two distinct floristic blocks of southeastern restingas, one in the north (the coast of Espírito Santo) and another further to the south (coast of Rio de Janeiro). Some species were common to all analyzed resting formations - Manilkara subsericea, Pilosocereus arrabidae and Byrsonima sericea and may be considered of wide distribution on the southeast coast. Key words: open scrub restinga, phytossociology, line intercept method, sandy coastal plains, Pleistocene.
650 _aRESTINGA
650 _aPLANÍCIE
650 _aCOMPOSIÇÃO BOTÂNICA
650 _aVEGETAÇÃO
773 0 _0709
_9348517
_dRio de Janeiro-RJ Jardim Botanico do Rio de Janeiro 1935
_o2025-1010
_tRodriguésia (Brazil)
_x0370-6583; 2175-7860 on-line
_gv. 65(1) p. 061-072; (2014)
_wBR2024004178
856 _uhttps://www.scielo.br/j/rod/a/yGwXyY56XbsT4D3Sx6ByMqc/?format=pdf&lang=pt
942 _cANA
999 _c330015
_d330015